[Event "Warsaw City-ch"]
[Site "Warsaw"]
[Date "2009.10.03"]
[Round "5"]
[White "Kozera, Aleksandra"]
[Black "Grochulski, Grzegorz"]
[Result "1/2-1/2"]
[WhiteElo "1783"]
[BlackElo "1959"]
[PlyCount "76"]
[EventDate "2009.09.26"]
[EventType "swiss"]
[EventRounds "9"]
[EventCountry "POL"]
[SourceTitle "EXT 2010"]
[Source "ChessBase"]
[SourceDate "2010.11.25"]
[SourceVersion "1"]
[SourceVersionDate "2010.11.25"]
[SourceQuality "1"]

1. e4 Nf6 2. e5 Nd5 3. d4 d6 4. c4 Nb6 5. exd6 cxd6 6. Nf3 g6 7. Be3 Bg7 8. Nbd2 0-0 9. g3 Nc6 10. Bg2 Bf5 11. a3 e5 12. d5 Nd4 13. Bxd4 exd4 14. 0-0 Bd3 15. Re1 Nxc4 16. Nxc4 Bxc4 17. Nxd4 Qb6 18. Nf3 Qxb2 19. Rb1 Qxa3 20. Rxb7 Rab8 21. Rxb8 Rxb8 22. Nd4 h6 23. Nc6 Rb2 24. Qg4 Qc5 25. Qf4 Re2 26. Rc1 Be5 27. Nxe5 dxe5 28. Rxc4 Re1+ 29. Bf1 Qxd5 30. Rc8+ Kg7 31. Qb4 Rd1 32. Qf8+ Kf6 33. Qh8+ Kg5 34. h4+ Kg4 35. Qxh6 Rxf1+ 36. Kxf1 Qd1+ 37. Kg2 Qf3+ 38. Kf1 Qd1+ 1/2-1/2

[Event "Warsaw-ch opA 62nd"]
[Site "Warsaw"]
[Date "2009.09.07"]
[Round "9"]
[White "Kozera, Aleksandra"]
[Black "Zurkowski, Andrzej"]
[Result "1/2-1/2"]
[WhiteElo "1788"]
[BlackElo "2150"]
[PlyCount "108"]
[EventDate "2009.08.31"]
[EventType "swiss"]
[EventRounds "9"]
[EventCountry "POL"]
[SourceTitle "CBM 132 Extra"]
[Source "ChessBase"]
[SourceDate "2009.11.03"]
[SourceVersion "1"]
[SourceVersionDate "2009.11.03"]
[SourceQuality "1"]

1. e4 c5 2. Nf3 e6 3. d4 cxd4 4. Nxd4 Nf6 5. Bd3 Nc6 6. Nb3 d5 7. exd5 Qxd5 8. 0-0 Be7 9. Nc3 Qd8 10. a3 0-0 11. Bf4 b6 12. Re1 Bb7 13. Qe2 Nd5 14. Nxd5 exd5 15. Qg4 Bf6 16. Re3 g6 17. Rb1 Re8 18. Rxe8+ Qxe8 19. Nd2 Qe7 20. Nf3 Re8 21. h4 Nd4 22. Nxd4 Bxd4 23. h5 Qf6 24. c3 Bc5 25. hxg6 hxg6 26. Rf1 d4 27. b4 Bd6 28. Bxd6 Qxd6 29. cxd4 Bc8 30. Qf3 Qxd4 31. Bb5 Bg4 32. Qd3 Qxd3 33. Bxd3 Rd8 34. Bb5 Rd2 35. Rc1 Ra2 36. Rc3 Be6 37. f3 Kg7 38. Bd3 Kf6 39. f4 Bd5 40. Bc2 b5 41. g4 g5 42. fxg5+ Ke5 43. Bf5 Kf4 44. g6 fxg6 45. Bxg6 Bf3 46. Kf1 Kg5 47. Ke1 Re2+ 48. Kf1 Rd2 49. Bc2 Kxg4 50. Ke1 Re2+ 51. Kf1 Re7 52. Kf2 Bd5 53. Bd1+ Kf4 54. Be2 a6 1/2-1/2

[Event "Warsaw-ch opA 62nd"]
[Site "Warsaw"]
[Date "2009.09.03"]
[Round "4"]
[White "Kozera, Aleksandra"]
[Black "Sujkowski, Pawel"]
[Result "0-1"]
[WhiteElo "1788"]
[BlackElo "1891"]
[PlyCount "78"]
[EventDate "2009.08.31"]
[EventType "swiss"]
[EventRounds "9"]
[EventCountry "POL"]
[SourceTitle "CBM 132 Extra"]
[Source "ChessBase"]
[SourceDate "2009.11.03"]
[SourceVersion "1"]
[SourceVersionDate "2009.11.03"]
[SourceQuality "1"]

1. e4 c5 2. Nf3 d6 3. d4 cxd4 4. Nxd4 Nf6 5. Nc3 a6 6. Be2 e5 7. Nb3 Be7 8. Be3 Be6 9. 0-0 0-0 10. Kh1 Qc7 11. f4 b5 12. Bd3 Nbd7 13. f5 Bc4 14. Nd2 Bxd3 15. cxd3 b4 16. Ne2 d5 17. Ng3 Rfc8 18. exd5 Qc2 19. Qxc2 Rxc2 20. Nc4 Nxd5 21. Rf3 Nxe3 22. Rxe3 f6 23. Ne4 Nc5 24. Nxc5 Bxc5 25. Ree1 Rd8 26. Rad1 Bd4 27. Rc1 Rf2 28. Rb1 Rxf5 29. Re2 Rf2 30. Rbe1 Rxe2 31. Rxe2 Kf7 32. g3 Bc5 33. Rd2 Ke6 34. Kg2 g6 35. Kf3 h5 36. h4 Rd4 37. b3 Rd8 38. Ne3 Bd4 39. Nd1 Bc3 0-1

[Event "Polanica Zdroj op-B 45th"]
[Site "Polanica Zdroj"]
[Date "2009.08.27"]
[Round "10"]
[White "Kozera, Aleksandra"]
[Black "Wiewiora, Eneasz"]
[Result "1-0"]
[WhiteElo "1788"]
[BlackElo "2056"]
[PlyCount "167"]
[EventDate "2009.08.18"]
[EventType "swiss"]
[EventRounds "10"]
[EventCountry "POL"]
[SourceTitle "CBM 131 Extra"]
[Source "ChessBase"]
[SourceDate "2009.09.03"]
[SourceVersion "2"]
[SourceVersionDate "2009.09.16"]
[SourceQuality "1"]

1. e4 g6 2. d4 Bg7 3. c3 c6 4. Bd3 d5 5. exd5 cxd5 6. Bf4 Nc6 7. Nf3 Bg4 8. Nbd2 Nf6 9. Qc2 Rc8 10. h3 Bxf3 11. Nxf3 0-0 12. Qe2 Re8 13. 0-0 Nd7 14. Rfe1 e6 15. Rad1 a6 16. h4 Na5 17. h5 Nc4 18. hxg6 hxg6 19. Ng5 Nf8 20. Nf3 Nd7 21. Ng5 Qf6 22. Nh3 Qd8 23. Ng5 Qb6 24. Rb1 Nf6 25. Qf3 Rf8 26. Qh3 Rfe8 27. g4 Qd8 28. Kg2 Nd6 29. f3 Rc6 30. Rh1 Nc4 31. Rh2 e5 32. dxe5 Nxe5 33. Bxe5 Rxe5 34. f4 Rxg5 35. fxg5 Ne4 36. Bxe4 dxe4 37. Qe3 Rd6 38. Re1 Be5 39. Rh3 Rd2+ 40. Re2 Rxe2+ 41. Qxe2 Qxg5 42. Qxe4 Qd2+ 43. Kf3 Qd1+ 44. Qe2 Qd5+ 45. Kf2 Kf8 46. Rd3 Qe6 47. Rf3 Kg7 48. Kf1 Qd5 49. a3 g5 50. Qd3 Qb3 51. Rf5 Bf4 52. Qd5 Qxd5 53. Rxd5 Bc1 54. b3 Bxa3 55. Rxg5+ Kf6 56. Rf5+ Ke6 57. Ke2 b6 58. b4 Bc1 59. Kd3 f6 60. Ke4 Bd2 61. Rf3 Be1 62. Rd3 a5 63. bxa5 bxa5 64. Kd4 Kd6 65. Kc4+ Kc6 66. Re3 Bh4 67. Re6+ Kb7 68. Kb5 Kc7 69. Kxa5 Kd7 70. Re4 Kc6 71. Kb4 Kd5 72. Re8 Kc6 73. c4 Kd7 74. Re2 Kc6 75. c5 Bg5 76. Kc4 Bh4 77. Re6+ Kd7 78. Kd5 Bg5 79. c6+ Kd8 80. Ke4 Kc7 81. Kf5 Bh4 82. Rxf6 Bxf6 83. Kxf6 Kxc6 84. g5 1-0

[Event "Polanica Zdroj op-B 45th"]
[Site "Polanica Zdroj"]
[Date "2009.08.26"]
[Round "9"]
[White "Kozera, Aleksandra"]
[Black "Mazalon, Mariusz"]
[Result "1/2-1/2"]
[WhiteElo "1788"]
[BlackElo "2167"]
[PlyCount "53"]
[EventDate "2009.08.18"]
[EventType "swiss"]
[EventRounds "10"]
[EventCountry "POL"]
[SourceTitle "CBM 131 Extra"]
[Source "ChessBase"]
[SourceDate "2009.09.03"]
[SourceVersion "2"]
[SourceVersionDate "2009.09.16"]
[SourceQuality "1"]

1. e4 c5 2. Nf3 a6 3. d4 cxd4 4. Nxd4 Nf6 5. Nc3 e5 6. Nb3 Bb4 7. Bd3 d5 8. exd5 Qxd5 9. 0-0 Bxc3 10. bxc3 0-0 11. Re1 e4 12. Be2 Nc6 13. Nd4 Bd7 14. Be3 Na5 15. Nb3 Nxb3 16. cxb3 Qf5 17. Qd6 Nd5 18. Bd4 Bc6 19. Qg3 g5 20. Bg4 Qf4 21. Qxf4 Nxf4 22. Bf5 Rfe8 23. Re3 h6 24. Rae1 Nd3 25. R1e2 Nf4 26. Re1 Nd3 27. R1e2 1/2-1/2

[Event "Polanica Zdroj op-B 45th"]
[Site "Polanica Zdroj"]
[Date "2009.08.18"]
[Round "1"]
[White "Kozera, Aleksandra"]
[Black "Gromczak, Dariusz"]
[Result "0-1"]
[WhiteElo "1788"]
[BlackElo "2057"]
[PlyCount "76"]
[EventDate "2009.08.18"]
[EventType "swiss"]
[EventRounds "10"]
[EventCountry "POL"]
[SourceTitle "CBM 131 Extra"]
[Source "ChessBase"]
[SourceDate "2009.09.03"]
[SourceVersion "2"]
[SourceVersionDate "2009.09.16"]
[SourceQuality "1"]

1. e4 c5 2. Nf3 Nc6 3. d4 cxd4 4. Nxd4 Nf6 5. Nc3 g6 6. Be3 Bg7 7. Bc4 0-0 8. Bb3 d6 9. f3 Bd7 10. Qd2 a5 11. g4 a4 12. Nxc6 Bxc6 13. Bc4 Qa5 14. a3 b5 15. Bd3 b4 16. Ne2 bxa3 17. Rxa3 Rfb8 18. Bd4 Nd7 19. h4 Ne5 20. Rh3 Nxd3+ 21. cxd3 Qxd2+ 22. Kxd2 Bxd4 23. Nxd4 Rxb2+ 24. Kc3 Rb6 25. Nxc6 Rxc6+ 26. Kd4 e5+ 27. Ke3 Rc2 28. Rh1 Rb2 29. g5 f5 30. gxf6 Kf7 31. f4 exf4+ 32. Kxf4 Kxf6 33. d4 Rb4 34. Ke3 Rc8 35. Rf1+ Ke6 36. Rd3 Rc2 37. Rf2 Rxf2 38. Kxf2 Rb2+ 0-1

[Event "Warsaw op 05"]
[Site "Warsaw"]
[Date "2009.06.07"]
[Round "9"]
[White "Kozera, Aleksandra"]
[Black "Wyszomirski, Krzysztof"]
[Result "1-0"]
[WhiteElo "1788"]
[BlackElo "1690"]
[PlyCount "77"]
[EventDate "2009.05.30"]
[EventType "swiss"]
[EventRounds "9"]
[EventCountry "POL"]
[SourceTitle "EXT 2012"]
[Source "ChessBase"]
[SourceDate "2011.11.24"]
[SourceVersion "1"]
[SourceVersionDate "2011.11.24"]
[SourceQuality "1"]

1. e4 c5 2. Nf3 Nc6 3. d4 cxd4 4. Nxd4 e6 5. Nc3 a6 6. Nxc6 bxc6 7. Bd3 d5 8. exd5 cxd5 9. 0-0 Nf6 10. b3 Be7 11. Bb2 0-0 12. Re1 Bb7 13. Ne2 Qc7 14. Ng3 Qf4 15. Nf5 Bc5 16. Ne3 d4 17. Nf1 Ng4 18. Qd2 Qf6 19. Be4 Bxe4 20. Rxe4 Qg6 21. Rae1 d3 22. Bd4 Bxd4 23. Rxd4 dxc2 24. Rc4 Rac8 25. Rc1 Rfd8 26. R1xc2 Ra8 27. Qe2 h5 28. Ra4 Ne5 29. Rc5 Ng4 30. h3 Nf6 31. Rxa6 Rxa6 32. Qxa6 Ne4 33. Rc8 Qg5 34. Rxd8+ Qxd8 35. Qe2 Qd4 36. Qc2 Nc3 37. Ne3 Qb4 38. a3 Qa5 39. Nc4 1-0

[Event "POL-ch U16 Girls"]
[Site "Chotowa"]
[Date "2009.04.05"]
[Round "11"]
[White "Ostrowska, Dominika"]
[Black "Kozera, Aleksandra"]
[Result "1-0"]
[WhiteElo "1884"]
[BlackElo "1770"]
[PlyCount "131"]
[EventDate "2009.03.28"]
[EventType "swiss"]
[EventRounds "11"]
[EventCountry "POL"]
[SourceTitle "EXT 2018"]
[Source "ChessBase"]
[SourceDate "2017.10.13"]
[SourceVersion "1"]
[SourceVersionDate "2017.10.13"]
[SourceQuality "1"]

1. e4 e6 2. d4 d5 3. Nc3 Nf6 4. e5 Nfd7 5. f4 c5 6. Nf3 Nc6 7. Be3 Qb6 8. Na4 Qa5+ 9. c3 cxd4 10. b4 Qc7 11. Nxd4 Be7 12. Bd3 a6 13. 0-0 b5 14. Nb2 0-0 15. a3 Nb6 16. Qc2 g6 17. Nd1 Nc4 18. Bf2 Bd7 19. Qe2 Rfc8 20. Kh1 Qb7 21. Nxc6 Qxc6 22. Bd4 a5 23. Nf2 axb4 24. axb4 Rxa1 25. Rxa1 Ra8 26. Rf1 Qa6 27. Ng4 Qa2 28. Qe1 Qd2 29. Qxd2 Nxd2 30. Rd1 Nb3 31. Bf2 Kg7 32. Bc2 Na1 33. Bd3 Ra3 34. Bf1 Nc2 35. Rd3 h5 36. Ne3 Nxe3 37. Bxe3 f6 38. Bd4 f5 39. Kg1 Ra2 40. Rf3 Kh6 41. Rf2 Ra3 42. Rc2 g5 43. g3 g4 44. Kf2 h4 45. gxh4 Bxh4+ 46. Ke2 Be7 47. Kf2 Kg6 48. Kg2 Kh5 49. Rb2 Kh4 50. Be2 Bc6 51. h3 g3 52. Rc2 Bd8 53. Bf3 Be8 54. Bc5 Bd7 55. Be3 Be8 56. Bd2 Ra1 57. Be2 Bb6 58. Rc1 Rxc1 59. Bxc1 Bf2 60. Bd2 Bc6 61. Bf3 Be8 62. Be2 Bc6 63. Bf3 Bb7 64. c4 bxc4 65. b5 Bc8 66. Bb4 1-0

[Event "POL-ch U16 Girls"]
[Site "Chotowa"]
[Date "2009.04.04"]
[Round "10"]
[White "Kozera, Aleksandra"]
[Black "Gluszko, Monika"]
[Result "1-0"]
[WhiteElo "1770"]
[BlackElo "1952"]
[PlyCount "151"]
[EventDate "2009.03.28"]
[EventType "swiss"]
[EventRounds "11"]
[EventCountry "POL"]
[SourceTitle "EXT 2011"]
[Source "ChessBase"]
[SourceDate "2010.11.26"]
[SourceVersion "1"]
[SourceVersionDate "2010.11.26"]
[SourceQuality "1"]

1. d4 Nf6 2. c4 g6 3. Nc3 d5 4. cxd5 Nxd5 5. e4 Nxc3 6. bxc3 Bg7 7. Nf3 c5 8. Bc4 Nc6 9. Be3 0-0 10. 0-0 cxd4 11. Nxd4 Ne5 12. Be2 Qa5 13. Qb3 Ng4 14. Bxg4 Bxg4 15. h3 Bd7 16. Rab1 b6 17. c4 Rac8 18. Rfc1 Rfd8 19. Nb5 Bxb5 20. Qxb5 Qxa2 21. e5 Qe2 22. Ra1 Rc7 23. Ra6 Rdc8 24. Ra4 Qd3 25. Rca1 h5 26. Rxa7 Rxc4 27. Rf1 Qe4 28. Rxe7 Rb4 29. Qd7 Rf8 30. e6 Qf5 31. Rc1 Qf6 32. exf7+ Rxf7 33. Rxf7 Qxf7 34. Rc8+ Bf8 35. Qd8 Rb1+ 36. Kh2 Qg7 37. Bxb6 Qe5+ 38. g3 Qf5 39. Bc5 Rc1 40. Qxf8+ Qxf8 41. Rxf8+ Kg7 42. Rc8 Kf7 43. Rc7+ Ke6 44. Bb6 Rb1 45. Be3 Rb4 46. Kg2 Kf6 47. Rc5 Ra4 48. Rg5 Rc4 49. g4 hxg4 50. hxg4 Re4 51. Bd2 Rc4 52. Kg3 Rc2 53. Be3 Rc4 54. Ra5 Rc7 55. Bd4+ Kf7 56. Ra6 Rc4 57. Be5 Re4 58. Bf4 Rb4 59. g5 Rb5 60. Be3 Rb4 61. f4 Rc4 62. Rd6 Ra4 63. Bd4 Rc4 64. Be5 Re4 65. Rf6+ Kg7 66. Kf3 Re1 67. Bc3 Rh1 68. Ke4 Rc1 69. Be5 Re1+ 70. Kd5 Kh7 71. Rf7+ Kg8 72. Rg7+ Kh8 73. Rxg6+ Kh7 74. f5 Rb1 75. Rg7+ Kh8 76. Rb7+ 1-0

[Event "POL-ch U16 Girls"]
[Site "Chotowa"]
[Date "2009.04.03"]
[Round "9"]
[White "Kozera, Aleksandra"]
[Black "Jablonska, Sabina"]
[Result "1/2-1/2"]
[WhiteElo "1770"]
[BlackElo "1773"]
[PlyCount "96"]
[EventDate "2009.03.28"]
[EventType "swiss"]
[EventRounds "11"]
[EventCountry "POL"]
[SourceTitle "EXT 2011"]
[Source "ChessBase"]
[SourceDate "2010.11.26"]
[SourceVersion "1"]
[SourceVersionDate "2010.11.26"]
[SourceQuality "1"]

1. e4 c5 2. Nf3 d6 3. d4 cxd4 4. Nxd4 Nf6 5. Nc3 a6 6. Be2 e5 7. Nb3 Be7 8. Be3 Be6 9. 0-0 0-0 10. Kh1 Nbd7 11. f4 exf4 12. Bxf4 Ne5 13. Qe1 b5 14. Rd1 Qc7 15. Nd4 Ng6 16. Bg3 b4 17. Nd5 Nxd5 18. exd5 Bxd5 19. Nf5 Qb7 20. Rxd5 Qxd5 21. Nxe7+ Nxe7 22. Bf3 Qc4 23. Bxa8 Rxa8 24. Rf4 Qc7 25. Rxb4 Nf5 26. c3 a5 27. Re4 Nxg3+ 28. Qxg3 Qb7 29. Qe3 h6 30. b3 Qb5 31. h3 a4 32. Rxa4 Rxa4 33. bxa4 Qxa4 34. Qd2 Qa6 35. Qb2 Qf1+ 36. Kh2 Qf4+ 37. g3 Qc4 38. h4 h5 39. a3 d5 40. Kg2 Qe4+ 41. Kh2 Qc4 42. Qb8+ Kh7 43. Qb2 g6 44. Kg2 f5 45. Qb7+ Kh6 46. Qe7 Qxc3 47. Qf8+ Kh7 48. Qf7+ Kh6 1/2-1/2

[Event "POL-ch U16 Girls"]
[Site "Chotowa"]
[Date "2009.04.02"]
[Round "8"]
[White "Zelenka, Katarzyna"]
[Black "Kozera, Aleksandra"]
[Result "0-1"]
[WhiteElo "1580"]
[BlackElo "1770"]
[PlyCount "60"]
[EventDate "2009.03.28"]
[EventType "swiss"]
[EventRounds "11"]
[EventCountry "POL"]
[SourceTitle "EXT 2011"]
[Source "ChessBase"]
[SourceDate "2010.11.26"]
[SourceVersion "1"]
[SourceVersionDate "2010.11.26"]
[SourceQuality "1"]

1. e4 e6 2. d4 d5 3. e5 c5 4. c3 Nc6 5. Nf3 Qb6 6. Bd3 Bd7 7. Bc2 cxd4 8. cxd4 Nge7 9. 0-0 Ng6 10. Nc3 Be7 11. b3 Rc8 12. Ne2 Nb4 13. Bb1 0-0 14. Nf4 Qc7 15. a3 Nxf4 16. Bxf4 Nc2 17. Ra2 Nxa3 18. Rxa3 Bxa3 19. Bxh7+ Kxh7 20. Ng5+ Kg8 21. Qh5 Qc2 22. Be3 Qg6 23. Qh3 Be7 24. Qg3 Bxg5 25. Bxg5 f6 26. exf6 gxf6 27. Bf4 Qxg3 28. Bxg3 Rc3 29. b4 Rfc8 30. Bf4 R3c4 0-1

[Event "POL-ch U16 Girls"]
[Site "Chotowa"]
[Date "2009.03.29"]
[Round "2"]
[White "Chrzaszcz, Malvina"]
[Black "Kozera, Aleksandra"]
[Result "1-0"]
[WhiteElo "2042"]
[BlackElo "1770"]
[PlyCount "79"]
[EventDate "2009.03.28"]
[EventType "swiss"]
[EventRounds "11"]
[EventCountry "POL"]
[SourceTitle "EXT 2011"]
[Source "ChessBase"]
[SourceDate "2010.11.26"]
[SourceVersion "1"]
[SourceVersionDate "2010.11.26"]
[SourceQuality "1"]

1. e4 e6 2. d4 d5 3. Nd2 Nf6 4. e5 Nfd7 5. Bd3 c5 6. c3 Nc6 7. Ne2 cxd4 8. cxd4 f6 9. exf6 Nxf6 10. Nf3 Bd6 11. 0-0 0-0 12. Bg5 Qb6 13. b3 Bd7 14. Nc3 Nb4 15. Bb1 Rac8 16. Qd2 Kh8 17. a3 Nc6 18. Qd3 Rf7 19. b4 a5 20. Bh4 axb4 21. Ng5 Re7 22. Nb5 Ne5 23. Qh3 Bxb5 24. Nxh7 Rc3 25. dxe5 Kg8 26. Bg3 Bxe5 27. Ng5 Bxg3 28. hxg3 Bxf1 29. Bh7+ Kf8 30. Bg6 Rd7 31. Qh8+ Ke7 32. Qxg7+ Kd6 33. Qxf6 Bd3 34. axb4 Qxb4 35. Qf8+ Re7 36. Qd8+ Ke5 37. Nf3+ Kf6 38. Bh5 Kg7 39. Ra8 Rcc7 40. Qh8# 1-0

[Event "Milanowek-chA 14th"]
[Site "Milanowek"]
[Date "2008.06.27"]
[Round "7.16"]
[White "Kozera, Aleksandra"]
[Black "Lasota, Adam"]
[Result "1/2-1/2"]
[WhiteElo "1871"]
[BlackElo "1729"]
[PlyCount "128"]
[EventDate "2008.06.21"]
[EventType "swiss"]
[EventRounds "7"]
[EventCountry "POL"]
[SourceTitle "EXT 2023"]
[Source "ChessBase"]
[SourceDate "2022.10.05"]
[SourceVersion "1"]
[SourceVersionDate "2022.10.05"]
[SourceQuality "1"]

1. e4 c5 2. Nf3 e6 3. d4 cxd4 4. Nxd4 a6 5. a4 Nf6 6. Bd3 Qc7 7. 0-0 d5 8. exd5 Nxd5 9. c3 Bd6 10. h3 0-0 11. Nd2 Bd7 12. Ne4 Be7 13. Re1 Nc6 14. Bc2 Rfd8 15. Nf3 Be8 16. Qe2 Nf4 17. Bxf4 Qxf4 18. Rad1 Qc7 19. Neg5 h6 20. Ne4 Rxd1 21. Rxd1 Rd8 22. Rxd8 Qxd8 23. Qe3 Qc7 24. Ng3 Bd6 25. Nf5 Ne7 26. Nxe7+ Bxe7 27. Qe4 g6 28. Nd4 Qb6 29. b4 Bf6 30. a5 Qc7 31. Qe3 Kg7 32. Bb3 Qd6 33. Ne2 Qe5 34. Qd2 Bc6 35. Nd4 Bd5 36. Bxd5 Qxd5 37. Qc2 Bxd4 38. cxd4 Qxd4 39. Qb3 Qe5 40. g3 Qe1+ 41. Kg2 Qe4+ 42. Kg1 Qd5 43. Qc3+ Kh7 44. Qf6 e5 45. Qe7 Kg7 46. h4 Qb5 47. Kg2 b6 48. axb6 Qxb6 49. Qxe5+ Qf6 50. Qc5 Qe6 51. Kf1 Kh7 52. Qc3 Qe4 53. Qc5 Kg7 54. Qb6 h5 55. Kg1 Kg8 56. Qc5 Kg7 57. Qd6 Qe2 58. Qd4+ Kg8 59. Kg2 Qe6 60. Kf3 Kf8 61. Qd8+ Kg7 62. Qd4+ Kf8 63. Qd8+ Kg7 64. Qd4+ Kf8 1/2-1/2

[Event "Milanowek-chA 14th"]
[Site "Milanowek"]
[Date "2008.06.25"]
[Round "5.16"]
[White "Kozera, Aleksandra"]
[Black "Mlynarski, Zbigniew"]
[Result "1/2-1/2"]
[WhiteElo "1871"]
[BlackElo "1553"]
[PlyCount "128"]
[EventDate "2008.06.21"]
[EventType "swiss"]
[EventRounds "7"]
[EventCountry "POL"]
[SourceTitle "EXT 2023"]
[Source "ChessBase"]
[SourceDate "2022.10.05"]
[SourceVersion "1"]
[SourceVersionDate "2022.10.05"]
[SourceQuality "1"]

1. e4 c5 2. Nf3 d6 3. d4 cxd4 4. Nxd4 Nf6 5. Nc3 e6 6. Be3 Be7 7. Be2 0-0 8. 0-0 Nc6 9. Qd2 a6 10. a4 Nxd4 11. Bxd4 Bd7 12. f4 Bc6 13. Bd3 Nd7 14. Qe2 e5 15. Be3 exf4 16. Rxf4 Ne5 17. Rff1 Bg5 18. Bd4 Bf6 19. Kh1 Re8 20. Qh5 g6 21. Qe2 Bg7 22. Qf2 Qc7 23. Be2 Re7 24. Rad1 Rae8 25. Bb6 Qb8 26. Bd4 b5 27. axb5 axb5 28. b4 Qb7 29. h3 Bxe4 30. Nxe4 Qxe4 31. Bxb5 Rb8 32. Bxe5 Bxe5 33. c4 Bc3 34. Rxd6 Bxb4 35. Rf6 Rf8 36. Qg3 Ba5 37. Qb3 Bc7 38. R6f3 Qe5 39. g3 Qh5 40. Kg2 Bb6 41. Qc2 Ra8 42. h4 Qg4 43. c5 Bc7 44. Qc4 Qxc4 45. Bxc4 Rf8 46. c6 Kg7 47. Rb1 Re4 48. Rb7 Rxc4 49. Rxc7 Rc2+ 50. Kh3 h5 51. Rd3 Re8 52. g4 hxg4+ 53. Kxg4 Re4+ 54. Kg3 Rec4 55. Rf3 R4c3 56. Rcxf7+ Kg8 57. R7f6 Kg7 58. Rf7+ Kg8 59. R7f6 Kg7 60. R6f4 Rxf3+ 61. Rxf3 Rxc6 62. Kg4 Rc4+ 63. Kg5 Rc5+ 64. Kg4 Rc4+ 1/2-1/2

[Event "Ursus-chA Seniors"]
[Site "Ursus"]
[Date "2008.06.08"]
[Round "8.9"]
[White "Kozera, Aleksandra"]
[Black "Arendarski, Lukasz"]
[Result "0-1"]
[WhiteElo "1871"]
[BlackElo "1800"]
[PlyCount "124"]
[EventDate "2008.05.31"]
[EventType "swiss"]
[EventRounds "9"]
[EventCountry "POL"]
[SourceTitle "EXT 2023"]
[Source "ChessBase"]
[SourceDate "2022.10.05"]
[SourceVersion "1"]
[SourceVersionDate "2022.10.05"]
[SourceQuality "1"]

1. e4 e5 2. Nf3 d6 3. d4 Nf6 4. Nc3 Nbd7 5. Bc4 Be7 6. 0-0 0-0 7. h3 c6 8. dxe5 dxe5 9. Be3 b5 10. Bd3 Qc7 11. a3 a5 12. Qe2 Bb7 13. Bd2 Rfe8 14. Rfd1 Nc5 15. Be3 Rad8 16. Bxc5 Bxc5 17. Nd2 Qb6 18. Nb3 Bf8 19. Kh1 g6 20. Re1 a4 21. Nd2 Nh5 22. Nf1 Nf4 23. Qf3 Bc5 24. Kg1 Bd4 25. Nd1 Bc5 26. Nc3 Bd4 27. Nd1 Rd7 28. Be2 Bc5 29. Nc3 Ne6 30. Bd3 Bd4 31. Ne3 Qa5 32. Ng4 Ree7 33. Nf6+ Kg7 34. Nxd7 Rxd7 35. Bf1 Bc5 36. Rad1 Re7 37. Qd3 Nd4 38. Ne2 Ne6 39. c3 Qb6 40. Qg3 f6 41. Nc1 Ng5 42. Nd3 Bd6 43. Qe3 Qc7 44. Nc5 Bc8 45. h4 Ne6 46. Nxe6+ Bxe6 47. Rd2 Bb3 48. Bd3 Rf7 49. Bc2 Be6 50. Red1 Be7 51. Qg3 h5 52. Rf1 Bc5 53. Kh1 Qb6 54. f4 exf4 55. Qe1 Be3 56. Rd3 Re7 57. g3 Bc5 58. Rd2 fxg3 59. Qxg3 Bg4 60. Qf4 Rf7 61. Re1 Qc7 62. Qxc7 Rxc7 0-1

[Event "POL 14th Olympiade U14 Girls"]
[Site "Szczawno Zdroj"]
[Date "2008.05.01"]
[Round "7"]
[White "Iwanow, Anna"]
[Black "Kozera, Aleksandra"]
[Result "1-0"]
[WhiteElo "1964"]
[BlackElo "1871"]
[PlyCount "101"]
[EventDate "2008.04.27"]
[EventType "swiss"]
[EventRounds "10"]
[EventCountry "POL"]
[SourceTitle "EXT 2009"]
[Source "ChessBase"]
[SourceDate "2008.11.26"]
[SourceVersion "1"]
[SourceVersionDate "2008.11.26"]
[SourceQuality "1"]

1. e4 e6 2. d4 d5 3. Nc3 Nf6 4. e5 Nfd7 5. f4 c5 6. Nf3 Nc6 7. Be3 Qb6 8. Na4 Qa5+ 9. c3 cxd4 10. b4 Qc7 11. Nxd4 Nxd4 12. Bxd4 Be7 13. Bd3 0-0 14. Qh5 g6 15. Qh6 Re8 16. h4 Qd8 17. f5 Bf8 18. Qf4 exf5 19. 0-0 Bg7 20. Rae1 Qe7 21. Bb5 Rd8 22. Re3 Qe6 23. Qg5 Rf8 24. Rfe1 b6 25. Nb2 a6 26. Ba4 a5 27. a3 Rb8 28. Bb5 h6 29. Qg3 Rd8 30. Nd3 Nf8 31. Nf4 Qe7 32. Qf3 Be6 33. Bc6 Qxh4 34. Nxd5 Bxd5 35. Bxd5 Qe7 36. e6 fxe6 37. Rxe6 Bxd4+ 38. cxd4 Nxe6 39. Rxe6 Qxe6 40. Bxe6+ Kg7 41. d5 axb4 42. axb4 h5 43. Qc3+ Kh6 44. Qe5 Re8 45. d6 Red8 46. b5 Re8 47. d7 Red8 48. Qd6 Kg7 49. Qe7+ Kh8 50. Qf7 Rf8 51. Qxg6 1-0

[Event "POL 14th Olympiade U14 Girls"]
[Site "Szczawno Zdroj"]
[Date "2008.04.30"]
[Round "6"]
[White "Leks, Maria"]
[Black "Kozera, Aleksandra"]
[Result "0-1"]
[WhiteElo "1776"]
[BlackElo "1871"]
[PlyCount "52"]
[EventDate "2008.04.27"]
[EventType "swiss"]
[EventRounds "10"]
[EventCountry "POL"]
[SourceTitle "EXT 2009"]
[Source "ChessBase"]
[SourceDate "2008.11.26"]
[SourceVersion "1"]
[SourceVersionDate "2008.11.26"]
[SourceQuality "1"]

1. e4 c5 2. Nf3 Nc6 3. d4 cxd4 4. Nxd4 g6 5. Nc3 Bg7 6. Nb3 Nf6 7. Be2 d6 8. Bg5 Bd7 9. 0-0 0-0 10. Re1 a6 11. Bf1 Be6 12. Nd5 Bxd5 13. exd5 Ne5 14. Bf4 Ned7 15. Qd2 Rc8 16. c3 Nb6 17. Bg5 Nbxd5 18. Bxf6 Nxf6 19. Qe3 e6 20. Rad1 Qc7 21. Qf4 Rfd8 22. Qh4 d5 23. Re3 b5 24. Rh3 Qe5 25. Rd4 g5 26. f4 Qxd4+ 0-1